00349nam a2200133Ia 4500003000400000008004100004040001600045082001500061100002100076245004900097260004100146300000700187650002100194GCL140319s9999 xx 000 0 eng d aGCL / cGCL04a748.5bW P1 aWOHLFAHRT, FRANK10aLA- PEINTURE SOUS VERRE / cWOHLFAHRT, FRANK a[S.N] : bDESSAIN ET TOLRA ، c1987 a6404aPAINTING - GLASS